Missing Word: Mariah Carey (A-Z) Quiz Stats

 Plays Quiz Updated Nov 28, 2017

Also try: Mariah Carey Songs
Challenge
Share
Tweet
Embed
Score 0/24 Timer 03:00
2 Plays Today
Song Missing Word % Correct
Fourth Of _____July
95.7%
_____ Got MeYou
93.8%
We _____ TogetherBelong
93.4%
_____ Forget About UsDon't
92.2%
Anytime You Need A _____Friend
91.3%
My Saving _____Grace
90.5%
_____ Christmas ComesWhen
89%
_____ Be My BabyAlways
88.9%
_____ Sweet DayOne
87.4%
_____-GirlfriendX
86.9%
_____ Forget YouNever
85.5%
Love Takes _____Time
84.8%
Song Missing Word % Correct
_____ It OffShake
74.1%
I Don't Wanna _____Cry
73.5%
_____ Fades AwayEverything
72.9%
_____ That ChickI'm
69.6%
Make It _____ GoodLook
65.9%
Last _____Kiss
62.5%
_____ BoxMusic
60.7%
Through The _____Rain
54.9%
Make It _____Happen
54.8%
_____ Of LoveVision
52.4%
_____ The StarsUnderneath
49%
Betcha Gon' Know (The _____)Prologue
15.1%

Today's Daily Dose

You're not logged in!

Compare scores with friends on all Sporcle quizzes.
OR
Log In

You Might Also Like...

Show Comments

Extras

Top Quizzes Today


Score Distribution

Your Account Isn't Verified!

In order to create a playlist on Sporcle, you need to verify the email address you used during registration. Go to your Sporcle Settings to finish the process.

Report this User

Report this user for behavior that violates our Community Guidelines.

Details: